000 00755nam a2200229 a 4500
999 _c9475
_d9475
001 9475
003 BD-JhCC
005 20220518134021.0
008 180315s2017 bg |||| ||a| 000 0 b d
020 _a9789847763392
035 _a(BD-JhCC)9475
040 _aBD-JhCC
_dBD-JhCC
041 _aben
082 _a355.02
_bSAM 2017
245 _aসমরবিদ্যার আদি কিতাব দ্য আর্ট অব ওয়ার সান জু /
_cসাবিদিন ইব্রাহিম
260 _aঢাকা :
_bঐতিহ্য ;
_c2017.
300 _a78 p. :
_c21 cm.
651 _aMilitary art and Science.
700 _aইব্রাহিম, সাবিদিন
942 _2ddc
_cBK
_04